Alánok a római birodalomban az ókor alkonyán /375 - 476/ egy fejezet "Az alán történelem latin forrásai cimű [! című] munkából /

Elmentve itt :
Bibliográfiai részletek
Szerző: Velenczei Katalin
Dokumentumtípus: Cikk
Megjelent: 1971
Sorozat:Acta Universitatis Szegediensis : acta iuvenum : sectio philologica et historica 4
Kulcsszavak:Európa történelme
Online Access:http://acta.bibl.u-szeged.hu/5988
LEADER 00782nab a2200181 i 4500
001 acta5988
005 20210604131110.0
008 161015s1971 hu o 0|| hun d
022 |a 0324-6523 
040 |a SZTE Egyetemi Kiadványok Repozitórium  |b hun 
041 |a hun 
100 1 |a Velenczei Katalin 
245 1 0 |a Alánok a római birodalomban az ókor alkonyán /375 - 476/   |h [elektronikus dokumentum] :  |b egy fejezet "Az alán történelem latin forrásai cimű [! című] munkából /  |c  Velenczei Katalin 
260 |c 1971 
300 |a 28-48 
490 0 |a Acta Universitatis Szegediensis : acta iuvenum : sectio philologica et historica  |v 4 
695 |a Európa történelme 
856 4 0 |u http://acta.bibl.u-szeged.hu/5988/1/iuvenum_philologica_et_historica_004_028-048.pdf  |z Dokumentum-elérés